| 000 -LEADER |
| fixed length control field |
01080nam a22001577a 4500 |
| 020 ## - INTERNATIONAL STANDARD BOOK NUMBER |
| ISBN |
9781780239088 |
| 082 ## - DEWEY DECIMAL CLASSIFICATION NUMBER |
| Classification number |
523.45 |
| Item number |
Sh5415 2018 |
| 100 ## - MAIN ENTRY--AUTHOR NAME |
| Personal name |
Sheehan, William, author. |
| 245 ## - TITLE STATEMENT |
| Title |
Jupiter / William Sheehan and Thomas A. Hockey |
| 260 ## - PUBLICATION, DISTRIBUTION, ETC. (IMPRINT) |
| Place of publication |
London : |
| Name of publisher |
Reaktion Books, |
| Year of publication |
©2018. |
| 300 ## - PHYSICAL DESCRIPTION |
| Number of Pages |
1 online resource, 191 pages : |
| Other physical details |
color illustrations. |
| 520 ## - SUMMARY, ETC. |
| Summary, etc |
Majestic and untwinkling, Jupiter is the grandest of all planets. It is the largest planet in our solar system and among the brightest objects in the night sky. It shines with a noble, steady luster, and its calming presence has inspired humans for centuries. Jupiter was the "beloved star" of the first serious observers of the planets, the ancient Sumerians and Babylonians, and has inspired poetic utterances from eminent writers such as William Wordsworth and Walt Whitman. It also continues to inspire contemporary astronomers and stargazers, and this beautifully illustrated volume brings our understanding of Jupiter right up to date |
| 650 ## - SUBJECT ADDED ENTRY--TOPICAL TERM |
| Topical Term |
Jupiter. |
| 700 ## - ADDED ENTRY--PERSONAL NAME |
| Personal name |
Hockey, Thomas. |
| 942 ## - ADDED ENTRY ELEMENTS (KOHA) |
| Koha item type |
Books |